[Event "Olympiade 2003"]
[Site "Charlesbourg CAN"]
[Date "2003.10.13"]
[Round "2"]
[White "Godbout, Mathieu"]
[Black "Poliquin, Yvon"]
[Result "1-0"]
[WhiteElo "1852"]
[BlackElo "1820"]
[PlyCount "53"]
[EventDate "2003.10.07"]
[EventType "swiss"]
[EventRounds "6"]
[EventCountry "CAN"]

1. c4 e5 2. Nc3 Nf6 3. Nf3 Nc6 4. g3 Bb4 5. Bg2 O-O 6. O-O e4 7. Ng5 Bxc3 8.
bxc3 Re8 9. f3 exf3 10. Nxf3 d5 11. d4 h6 12. Qc2 Be6 13. Rb1 Qc8 14. Nh4 Qd8
15. e4 Bg4 16. cxd5 Na5 17. c4 c6 18. e5 Nh7 19. h3 Bc8 20. Qf2 Rf8 21. Ba3
Nxc4 22. Bxf8 Qxf8 23. dxc6 bxc6 24. Bxc6 Bxh3 25. Bxa8 Bxf1 26. Rxf1 Ng5 27.
Bg2 1-0

[Event "Olympiade 2003"]
[Site "Charlesbourg CAN"]
[Date "2003.10.13"]
[Round "2"]
[White "Laflamme, Simon"]
[Black "Glode, Martin"]
[Result "1/2-1/2"]
[WhiteElo "1870"]
[BlackElo "1855"]
[PlyCount "85"]
[EventDate "2003.10.07"]
[EventType "swiss"]
[EventRounds "6"]
[EventCountry "CAN"]

1. e4 Nf6 2. e5 Nd5 3. d4 d6 4. Bc4 Nb6 5. e6 Nxc4 6. exf7+ Kxf7 7. Qf3+ Ke8 8.
Qh5+ g6 9. Qb5+ Qd7 10. Qxc4 Qe6+ 11. Qe2 Qxe2+ 12. Nxe2 Bg7 13. Nbc3 Bf5 14.
Nd5 Kd7 15. Ne3 Be6 16. Bd2 c6 17. O-O Rf8 18. c4 Na6 19. Bc3 Bh6 20. b3 Nc7
21. Rad1 d5 22. c5 Ne8 23. Bd2 Bg7 24. Nc2 Bf5 25. Ne3 Bd3 26. Rfe1 Bxe2 27.
Rxe2 Bxd4 28. Nxd5 Bxf2+ 29. Rxf2 Rxf2 30. Kxf2 cxd5 31. Bg5 e6 32. Rd4 Ng7 33.
Rf4 Nf5 34. g4 h6 35. gxf5 hxg5 36. fxe6+ Kxe6 37. Rb4 Rf8+ 38. Kg3 Rf7 39. Rg4
Kf5 40. Rd4 Rd7 41. b4 Ke5 42. Rg4 Kf5 43. Rd4 1/2-1/2

[Event "Olympiade 2003"]
[Site "Charlesbourg CAN"]
[Date "2003.10.13"]
[Round "2"]
[White "Sauve, Richard"]
[Black "Marquis, Paul"]
[Result "1/2-1/2"]
[WhiteElo "1903"]
[BlackElo "1974"]
[PlyCount "111"]
[EventDate "2003.10.07"]
[EventType "swiss"]
[EventRounds "6"]
[EventCountry "CAN"]

1. d4 Nf6 2. c4 e6 3. Nc3 Bb4 4. Qc2 O-O 5. a3 Bxc3+ 6. Qxc3 b6 7. Bg5 Bb7 8.
e3 d6 9. f3 Nbd7 10. Bd3 h6 11. Bh4 Qe7 12. Ne2 Rfe8 13. O-O e5 14. e4 Nf8 15.
dxe5 dxe5 16. Rfd1 Ng6 17. Bf2 Nh5 18. c5 Qg5 19. Bc4 Bc8 20. Kh1 Be6 21. Bxe6
Rxe6 22. Rd7 Re7 23. Rad1 Rxd7 24. Rxd7 Rd8 25. Qd3 Rxd7 26. Qxd7 Qe7 27. Qc8+
Kh7 28. Qf5 Nhf4 29. Nxf4 exf4 30. h4 Qe6 31. Qd5 Qf6 32. h5 Ne7 33. Qd2 Qe5
34. cxb6 axb6 35. Kg1 c5 36. b4 Qa1+ 37. Kh2 Qxa3 38. bxc5 bxc5 39. Qd6 Qa2 40.
Bxc5 Ng8 41. Qxf4 Nf6 42. Qf5+ Kg8 43. Bd4 Ne8 44. Qe5 Qa4 45. Bc5 Qc6 46. Qe7
f6 47. e5 fxe5 48. Qxe5 Qb5 49. Qe6+ Kh7 50. Qg6+ Kg8 51. Bf2 Nf6 52. g4 Qe5+
53. Kg2 Qf4 54. Bg3 Qd2+ 55. Kh3 Qd1 56. Qf5 1/2-1/2

[Event "Olympiade 2003"]
[Site "Charlesbourg CAN"]
[Date "2003.10.20"]
[Round "3"]
[White "Beaudoin, Stephane"]
[Black "Sauve, Richard"]
[Result "1-0"]
[WhiteElo "2014"]
[BlackElo "1903"]
[PlyCount "135"]
[EventDate "2003.10.07"]
[EventType "swiss"]
[EventRounds "6"]
[EventCountry "CAN"]

1. e4 e6 2. d4 d5 3. Nc3 Nf6 4. Bg5 Bb4 5. e5 h6 6. Bd2 Bxc3 7. bxc3 Ne4 8. Qg4
g6 9. Bd3 Nxd2 10. Kxd2 c5 11. Nf3 Bd7 12. Rab1 Bc6 13. h4 Nd7 14. Bxg6 fxg6
15. Qxg6+ Kf8 16. Qxe6 Qe7 17. Qf5+ Qf7 18. g4 Ke7 19. h5 Raf8 20. Nh4 Kd8 21.
Qxf7 Rxf7 22. e6 Rxf2+ 23. Ke3 Rxc2 24. Kd3 Rxa2 25. exd7 c4+ 26. Ke3 Kxd7 27.
Ng6 Re8+ 28. Ne5+ Rxe5+ 29. dxe5 d4+ 30. Kxd4 Bxh1 31. Rxh1 Rg2 32. Kd5 Rxg4
33. Rf1 Rg7 34. Rf6 a5 35. Rg6 Re7 36. Rxh6 a4 37. Rb6 Ke8 38. Rb4 a3 39. Ra4
Rh7 40. Rxa3 Rxh5 41. Ra7 Rh7 42. e6 Rc7 43. Ra8+ Ke7 44. Rh8 Kf6 45. Rf8+ Kg7
46. Rf4 b5 47. Kd6 Ra7 48. Ke5 Ra1 49. Kd6 Ra6+ 50. Kd5 Ra3 51. Rf7+ Kg8 52.
Rf3 Ra7 53. Kc5 Ra6 54. Re3 Kf8 55. Kxb5 Rd6 56. Kxc4 Ke7 57. Kb5 Rd5+ 58. Kb4
Rh5 59. c4 Rg5 60. c5 Rg1 61. Kb5 Rb1+ 62. Kc6 Rb2 63. Kc7 Ra2 64. c6 Rb2 65.
Kc8 Rc2 66. c7 Kd6 67. Rd3+ Kxe6 68. Kd8 1-0

[Event "Olympiade 2003"]
[Site "Charlesbourg CAN"]
[Date "2003.10.27"]
[Round "4"]
[White "Lessard, Claude"]
[Black "Glode, Martin"]
[Result "1/2-1/2"]
[WhiteElo "1878"]
[BlackElo "1855"]
[PlyCount "67"]
[EventDate "2003.10.07"]
[EventType "swiss"]
[EventRounds "6"]
[EventCountry "CAN"]

1. d4 g6 2. g3 Bg7 3. Bg2 d6 4. Nf3 Nf6 5. O-O O-O 6. Nbd2 Nbd7 7. b3 e5 8. c4
Re8 9. Bb2 c6 10. Rc1 Qe7 11. e3 exd4 12. exd4 d5 13. Re1 Qd8 14. Rxe8+ Qxe8
15. Ne5 Nb6 16. cxd5 Nbxd5 17. Ndc4 Be6 18. Qd2 Rd8 19. Qa5 a6 20. Nd3 Bf8 21.
Qd2 Nc7 22. Re1 Nb5 23. Nf4 Bh6 24. Qe3 Qd7 25. a4 Nxd4 26. Bxd4 Bxf4 27. Qxf4
Qxd4 28. Qc7 Ng4 29. Rf1 Rd7 30. Qb8+ Kg7 31. h3 Bxc4 32. bxc4 Ne5 33. Rb1 Nd3
34. Rxb7 1/2-1/2

[Event "Olympiade 2003"]
[Site "Charlesbourg CAN"]
[Date "2003.10.27"]
[Round "4"]
[White "Marquis, Paul"]
[Black "Beaudoin, Stephane"]
[Result "0-1"]
[WhiteElo "1974"]
[BlackElo "2014"]
[PlyCount "42"]
[EventDate "2003.10.07"]
[EventType "swiss"]
[EventRounds "6"]
[EventCountry "CAN"]

1. d4 Nf6 2. c4 c5 3. d5 d6 4. Nc3 e6 5. e4 exd5 6. exd5 Be7 7. Bd3 O-O 8. Nge2
Nbd7 9. Bf4 Re8 10. Nb5 Nf8 11. O-O Ng6 12. Bg3 Nh5 13. f4 Bg4 14. Nbc3 Bf6 15.
Qc2 Nxg3 16. hxg3 Re3 17. Bf5 Bxe2 18. Nxe2 Qe7 19. Rae1 Re8 20. Bd3 Rxg3 21.
Nxg3 Bd4+ 0-1

[Event "Olympiade 2003"]
[Site "Charlesbourg CAN"]
[Date "2003.10.27"]
[Round "4"]
[White "Sauve, Richard"]
[Black "Caire, Francois"]
[Result "1-0"]
[WhiteElo "1903"]
[BlackElo "2112"]
[PlyCount "64"]
[EventDate "2003.10.07"]
[EventType "swiss"]
[EventRounds "6"]
[EventCountry "CAN"]

1. d4 d5 2. c4 dxc4 3. Nf3 Nf6 4. e3 e6 5. Bxc4 c5 6. O-O a6 7. a4 Nc6 8. Qe2
cxd4 9. Rd1 Be7 10. exd4 O-O 11. Nc3 Nb4 12. Bg5 b6 13. Bxf6 Bxf6 14. d5 Qe7
15. d6 Qd8 16. Ne4 Bb7 17. Nxf6+ Qxf6 18. Ne5 Rfd8 19. Ra3 Rac8 20. Nxf7 Kxf7
21. Re3 Kf8 22. d7 Rb8 23. Rxe6 Qg5 24. g3 g6 25. Rxb6 Bd5 26. Rxb8 Rxb8 27.
Bxd5 Nxd5 28. Qf3+ Ke7 29. Qxd5 Qxd5 30. Rxd5 Kd8 31. Rd6 Rxb2 32. Rxa6 Kxd7
1-0

[Event "Olympiade 2003"]
[Site "Charlesbourg CAN"]
[Date "2003.11.03"]
[Round "5"]
[White "Beaudoin, Stephane"]
[Black "Caire, Francois"]
[Result "0-1"]
[WhiteElo "2014"]
[BlackElo "2112"]
[PlyCount "94"]
[EventDate "2003.10.07"]
[EventType "swiss"]
[EventRounds "6"]
[EventCountry "CAN"]

1. e4 c5 2. Nf3 Nc6 3. d4 cxd4 4. Nxd4 Nf6 5. Nc3 e5 6. Ndb5 d6 7. Nd5 Nxd5 8.
exd5 Nb8 9. c4 Be7 10. Bd3 O-O 11. O-O f5 12. f4 a6 13. Na3 Bf6 14. Be2 Nd7 15.
Nc2 Nc5 16. Rb1 Re8 17. fxe5 Bxe5 18. Bf4 Bd7 19. Bd3 Qf6 20. b4 Nxd3 21. Qxd3
Bxf4 22. Rxf4 g5 23. Rff1 f4 24. Nd4 Re5 25. Rbe1 Rae8 26. Nf3 Re3 27. Rxe3
Rxe3 28. Qd2 Bf5 29. Re1 g4 30. Rxe3 fxe3 31. Qd4 gxf3 32. Qxe3 fxg2 33. Kxg2
Qg6+ 34. Kf2 Be4 35. Qf4 Qf7 36. Ke3 Qxf4+ 37. Kxf4 Bb1 38. c5 dxc5 39. bxc5
Kf7 40. a3 Kf6 41. h4 Bg6 42. d6 Ke6 43. Kg5 b6 44. cxb6 Kxd6 45. h5 Bc2 46.
Kh6 Kc6 47. a4 Kxb6 0-1

[Event "Olympiade 2003"]
[Site "Charlesbourg CAN"]
[Date "2003.11.03"]
[Round "5"]
[White "Glode, Martin"]
[Black "Laflamme, Simon"]
[Result "1/2-1/2"]
[WhiteElo "1855"]
[BlackElo "1870"]
[PlyCount "101"]
[EventDate "2003.10.07"]
[EventType "swiss"]
[EventRounds "6"]
[EventCountry "CAN"]

1. e4 e5 2. Nf3 Nc6 3. Bb5 Nd4 4. Nxd4 exd4 5. d3 Bc5 6. Qh5 Qe7 7. Bg5 Nf6 8.
Bxf6 gxf6 9. Bc4 d6 10. Nd2 O-O 11. O-O Be6 12. f4 Kh8 13. Bxe6 fxe6 14. e5
dxe5 15. fxe5 f5 16. Rf4 Qg7 17. Nf3 Rg8 18. g3 Rad8 19. Re1 Rd5 20. Rh4 Be7
21. Rxd4 Bc5 22. c3 Qg4 23. Qxg4 fxg4 24. Nd2 Bxd4+ 25. cxd4 Rxd4 26. Ne4 b6
27. Rf1 Rdd8 28. Rf7 Rg7 29. Rf6 Re8 30. Rf4 c5 31. Nd6 Ree7 32. Kf2 Kg8 33.
Ke3 Rg5 34. d4 cxd4+ 35. Kxd4 Rg6 36. Ne4 Rf7 37. Nf6+ Kg7 38. Nh5+ Kf8 39. Nf6
Ke7 40. Kc4 h5 41. Rd4 Rgxf6 42. exf6+ Rxf6 43. Rd2 Rf5 44. b4 b5+ 45. Kc3 Rf3+
46. Kd4 Rf5 47. Ke4 Rf3 48. Rc2 Ra3 49. Ke5 Re3+ 50. Kd4 Ra3 51. Ke5 1/2-1/2

[Event "Olympiade 2003"]
[Site "Charlesbourg CAN"]
[Date "2003.11.03"]
[Round "5"]
[White "Lessard, Claude"]
[Black "Fecteau, Martin"]
[Result "1-0"]
[WhiteElo "1878"]
[BlackElo "1879"]
[PlyCount "57"]
[EventDate "2003.10.07"]
[EventType "swiss"]
[EventRounds "6"]
[EventCountry "CAN"]

1. Nf3 Nf6 2. d4 e6 3. c4 b6 4. a3 Bb7 5. e3 d5 6. Nc3 Be7 7. cxd5 exd5 8. Bd3
O-O 9. b4 Nbd7 10. Qb3 a6 11. b5 axb5 12. Bxb5 c6 13. Be2 Bd6 14. Rb1 Qe7 15.
O-O Ba6 16. a4 Bxe2 17. Nxe2 Ra6 18. Bb2 Ne4 19. Rfc1 Rc8 20. Ne5 Bxe5 21. dxe5
Nec5 22. Qd1 Nxe5 23. Nf4 Nc4 24. Bxg7 Qg5 25. Bh6 Qf5 26. Rb4 Ne6 27. Nxe6
fxe6 28. Rbxc4 dxc4 29. Qd7 1-0

[Event "Olympiade 2003"]
[Site "Charlesbourg CAN"]
[Date "2003.11.03"]
[Round "5"]
[White "Marquis, Paul"]
[Black "Sauve, Richard"]
[Result "1-0"]
[WhiteElo "1974"]
[BlackElo "1903"]
[PlyCount "69"]
[EventDate "2003.10.07"]
[EventType "swiss"]
[EventRounds "6"]
[EventCountry "CAN"]

1. e4 e6 2. d4 d5 3. e5 c5 4. c3 Nc6 5. Nf3 Qb6 6. a3 Bd7 7. b4 cxd4 8. cxd4
Rc8 9. Be2 a5 10. b5 Nxd4 11. Nxd4 Rxc1 12. Qxc1 Qxd4 13. Nd2 Qxe5 14. Nf3 Qe4
15. Qc7 d4 16. Nxd4 Nf6 17. Qb8+ Ke7 18. Rd1 g6 19. O-O Bg7 20. Qa7 Nd5 21. Bf3
Bxd4 22. Rxd4 Qe5 23. Qc5+ Kf6 24. Bxd5 Rc8 25. Qb6 Bxb5 26. Qxb5 Qxd4 27. Bxb7
Rc2 28. Qxa5 Qb2 29. Bf3 Rc1 30. g3 Rc3 31. Qd8+ Kg7 32. Qd4+ Kh6 33. Qf6 Qxa3
34. Kg2 Rc5 35. g4 1-0

[Event "Olympiade 2003"]
[Site "Charlesbourg CAN"]
[Date "2003.11.10"]
[Round "6"]
[White "Caire, Francois"]
[Black "Marquis, Paul"]
[Result "0-1"]
[WhiteElo "2112"]
[BlackElo "1974"]
[PlyCount "86"]
[EventDate "2003.10.07"]
[EventType "swiss"]
[EventRounds "6"]
[EventCountry "CAN"]

1. Nf3 d6 2. d4 Nf6 3. c4 g6 4. g3 Bg7 5. Bg2 O-O 6. Nc3 Nc6 7. O-O Bf5 8. d5
Na5 9. Nd2 c6 10. e4 Bg4 11. Qc2 cxd5 12. cxd5 Rc8 13. Nb3 b5 14. Nxa5 Qxa5 15.
Qd3 b4 16. Ne2 Bxe2 17. Qxe2 b3 18. Bd2 Rc2 19. Bxa5 Rxe2 20. Bc3 Nxe4 21. Bxg7
Kxg7 22. axb3 Nc5 23. Rxa7 Rb8 24. Bf3 Rxb2 25. Rxe7 R8xb3 26. Kg2 Rd2 27. Re2
Rdd3 28. Bg4 h5 29. Bh3 Rxd5 30. Ra1 g5 31. Kg1 Rbd3 32. Bg2 Rd1+ 33. Rxd1
Rxd1+ 34. Bf1 Nb3 35. f3 Nd2 36. Rf2 Rxf1+ 37. Rxf1 Nxf1 38. Kxf1 Kf6 39. Kf2
Ke5 40. Ke3 h4 41. Kd3 f5 42. Kc4 h3 43. Kd3 Kd5 0-1

[Event "Olympiade 2003"]
[Site "Charlesbourg CAN"]
[Date "2003.11.10"]
[Round "6"]
[White "Dorion, Francois"]
[Black "Poliquin, Yvon"]
[Result "0-1"]
[WhiteElo "1858"]
[BlackElo "1820"]
[PlyCount "84"]
[EventDate "2003.10.07"]
[EventType "swiss"]
[EventRounds "6"]
[EventCountry "CAN"]

1. c4 Nf6 2. Nc3 g6 3. Nf3 d5 4. cxd5 Nxd5 5. g3 Bg7 6. Bg2 O-O 7. O-O c6 8. e4
Nxc3 9. bxc3 Qa5 10. Qb3 Nd7 11. d4 c5 12. Be3 b6 13. e5 c4 14. Qc2 Bb7 15. Nd2
Bxg2 16. Kxg2 Qd5+ 17. Qe4 Qxe4+ 18. Nxe4 b5 19. a4 a6 20. Rfb1 Nb6 21. axb5 a5
22. Nc5 a4 23. Bd2 Rfd8 24. f4 Kf8 25. Na6 Rdc8 26. Nb4 e6 27. Nc6 Ke8 28. Kf3
Bf8 29. g4 Kd7 30. f5 Be7 31. Ke4 gxf5+ 32. gxf5 Rg8 33. f6 Bf8 34. Rg1 Rxg1
35. Rxg1 a3 36. Ra1 Nd5 37. Kf3 Kc7 38. Ke2 Kb6 39. Ne7 Nxe7 40. fxe7 Bxe7 41.
Kd1 Rg8 42. Kc1 Rg1+ 0-1

[Event "Olympiade 2003"]
[Site "Charlesbourg CAN"]
[Date "2003.11.10"]
[Round "6"]
[White "Fecteau, Martin"]
[Black "Glode, Martin"]
[Result "1-0"]
[WhiteElo "1879"]
[BlackElo "1855"]
[PlyCount "83"]
[EventDate "2003.10.07"]
[EventType "swiss"]
[EventRounds "6"]
[EventCountry "CAN"]

1. e4 e6 2. d4 d5 3. Nc3 Nf6 4. e5 Nfd7 5. f4 c5 6. Nf3 Nc6 7. Be3 cxd4 8. Nxd4
Bc5 9. Qd2 Nxd4 10. Bxd4 Bxd4 11. Qxd4 Qb6 12. O-O-O Qxd4 13. Rxd4 Ke7 14. h4
h5 15. Rh3 Nb8 16. Rd1 Bd7 17. Bd3 g6 18. Ne2 Nc6 19. c3 Rac8 20. Kb1 a6 21.
Bc2 Na5 22. b3 b5 23. Kb2 Rc7 24. Nd4 Rhc8 25. Rg1 Nb7 26. b4 Nd8 27. Bb3 Nc6
28. Ne2 a5 29. a3 a4 30. Bd1 Nb8 31. Nd4 Bc6 32. Be2 Rb7 33. g4 hxg4 34. Rxg4
Nd7 35. h5 gxh5 36. Rxh5 Nb6 37. f5 Nc4+ 38. Bxc4 dxc4 39. fxe6 Bd5 40. exf7
Rf8 41. e6 Bxe6 42. Re4 1-0

[Event "Olympiade 2003"]
[Site "Charlesbourg CAN"]
[Date "2003.11.10"]
[Round "6"]
[White "Laflamme, Simon"]
[Black "Lessard, Claude"]
[Result "1-0"]
[WhiteElo "1870"]
[BlackElo "1878"]
[PlyCount "41"]
[EventDate "2003.10.07"]
[EventType "swiss"]
[EventRounds "6"]
[EventCountry "CAN"]

1. e4 c5 2. Nf3 Nc6 3. d4 cxd4 4. Nxd4 Nf6 5. Nc3 e6 6. Ndb5 d6 7. Bf4 e5 8.
Bg5 a6 9. Na3 Be6 10. Nc4 Rc8 11. Bxf6 gxf6 12. Nd5 f5 13. exf5 Bxf5 14. Nce3
Bg6 15. Bd3 e4 16. Be2 Bg7 17. Bg4 Qa5+ 18. c3 O-O 19. Bxc8 Rxc8 20. O-O Ne5
21. Ne7+ 1-0

[Event "Olympiade 2003"]
[Site "Charlesbourg CAN"]
[Date "2003.11.10"]
[Round "6"]
[White "Sauve, Richard"]
[Black "Beaudoin, Stephane"]
[Result "1/2-1/2"]
[WhiteElo "1903"]
[BlackElo "2014"]
[PlyCount "94"]
[EventDate "2003.10.07"]
[EventType "swiss"]
[EventRounds "6"]
[EventCountry "CAN"]

1. d4 Nf6 2. c4 e6 3. Nc3 Bb4 4. Qc2 Nc6 5. e3 O-O 6. Bd3 e5 7. d5 Nb8 8. e4 d6
9. Nge2 a5 10. O-O Nh5 11. Be3 b6 12. a3 Bc5 13. Bxc5 bxc5 14. f4 Nd7 15. f5
Qg5 16. Qc1 Qxc1 17. Raxc1 Ba6 18. g4 Nhf6 19. h3 Nb6 20. b3 a4 21. Nxa4 Nxa4
22. bxa4 Rfb8 23. Rb1 Nd7 24. a5 Bc8 25. Rxb8 Nxb8 26. Rb1 Nd7 27. Rb5 Ba6 28.
Rb3 Kf8 29. Nc3 Ke7 30. Nb5 Kd8 31. a4 Bc8 32. Nc3 Rxa5 33. Kf2 Ba6 34. g5 Nb6
35. h4 Ke7 36. h5 f6 37. g6 h6 38. Ke1 Kd8 39. Kd1 Kc8 40. Kc2 Bxc4 41. Bxc4
Nxc4 42. Kd3 Nb6 43. Ra3 Kb7 44. Ra2 Kc8 45. Ra1 Kb7 46. Ra2 Kc8 47. Ra1 Kb7
1/2-1/2

[Event "Omnium de Montreal"]
[Site "Montreal CAN"]
[Date "2003.08.29"]
[Round "1"]
[White "Brassard, Sylvain"]
[Black "Bolduc, Steve"]
[Result "0-1"]
[WhiteElo "1952"]
[BlackElo "2260"]
[PlyCount "86"]
[EventDate "2003.08.29"]
[EventType "swiss"]
[EventRounds "5"]
[EventCountry "CAN"]

1. d4 d5 2. c4 dxc4 3. Nf3 Nf6 4. Nc3 c5 5. d5 e6 6. e4 exd5 7. exd5 Bd6 8.
Bxc4 O-O 9. O-O h6 10. Nb5 Bg4 11. Nxd6 Qxd6 12. Qb3 Nbd7 13. h3 Bxf3 14. Qxf3
Ne5 15. Qc3 Nxc4 16. Qxc4 Qxd5 17. Qc2 b6 18. Be3 Rfd8 19. Rfd1 Qe4 20. Qb3 Nd5
21. Re1 Qb4 22. Qxb4 Nxb4 23. Re2 Rd7 24. a3 Nc6 25. Rae1 Rad8 26. Kf1 f6 27.
Bf4 Kf7 28. f3 g5 29. Bh2 Re7 30. Rxe7+ Nxe7 31. Kf2 Rd2+ 32. Re2 Rxe2+ 33.
Kxe2 Ke6 34. Kd3 Kd5 35. f4 Ng6 36. fxg5 fxg5 37. g4 Ne5+ 38. Kc3 b5 39. b3 Ng6
40. Kd3 Nf4+ 41. Bxf4 gxf4 42. h4 c4+ 43. bxc4+ bxc4+ 0-1

[Event "Omnium de Montreal"]
[Site "Montreal CAN"]
[Date "2003.08.29"]
[Round "1"]
[White "Cloutier, Mario"]
[Black "Khassanov, Marat"]
[Result "0-1"]
[WhiteElo "2051"]
[BlackElo "2362"]
[PlyCount "56"]
[EventDate "2003.08.29"]
[EventType "swiss"]
[EventRounds "5"]
[EventCountry "CAN"]

1. e4 e5 2. Nf3 Nc6 3. Bb5 Nf6 4. O-O Nxe4 5. d4 Nd6 6. Bxc6 bxc6 7. dxe5 Nb7
8. Ng5 h6 9. Ne4 d5 10. Ng3 Bc5 11. Kh1 O-O 12. Qh5 f6 13. Bxh6 fxe5 14. Bxg7
Kxg7 15. Qxe5+ Kg8 16. f4 Qf6 17. Qh5 Nd6 18. f5 Bxf5 19. Nxf5 Nxf5 20. Nc3 Qe6
21. Rae1 Qd7 22. Rf4 Ng7 23. Rg4 Rf5 24. Qg6 Raf8 25. h4 R8f6 26. Re8+ Rf8 27.
Rxf8+ Kxf8 28. Qh7 Rf1+ 0-1

[Event "Omnium de Montreal"]
[Site "Montreal CAN"]
[Date "2003.08.29"]
[Round "1"]
[White "Dumesnil, Etienne"]
[Black "Voskanyan, Vahagn"]
[Result "0-1"]
[WhiteElo "1925"]
[BlackElo "2293"]
[PlyCount "73"]
[EventDate "2003.08.29"]
[EventType "swiss"]
[EventRounds "5"]
[EventCountry "CAN"]

1. f3 d5 2. g3 e5 3. Nh3 f5 4. Nf2 Nf6 5. Bg2 c5 6. e4 Nc6 7. d3 Be7 8. Nd2 O-O
9. O-O Be6 10. Re1 Qd7 11. Nf1 fxe4 12. fxe4 d4 13. h3 Ne8 14. Nd2 Nd6 15. Nf3
h6 16. g4 Qd8 17. Nh1 Bh4 18. Rf1 Nf7 19. Bd2 c4 20. Nxh4 Qxh4 21. Be1 Qd8 22.
Ng3 Rc8 23. Nh5 Qb6 24. b4 Ne7 25. h4 Ng6 26. Qf3 Qd6 27. Qg3 Nfh8 28. g5 hxg5
29. Qxg5 cxd3 30. cxd3 Rxf1+ 31. Bxf1 Rc2 32. a4 Qe7 33. Qxe7 Nxe7 34. b5 Neg6
35. Bb4 Nxh4 36. Kh1 N8g6 37. Bd6 0-1

[Event "Omnium de Montreal"]
[Site "Montreal CAN"]
[Date "2003.08.29"]
[Round "1"]
[White "Feoktistov, Dmitri"]
[Black "Ouimet, Bernard"]
[Result "1-0"]
[WhiteElo "2294"]
[BlackElo "1992"]
[PlyCount "61"]
[EventDate "2003.08.29"]
[EventType "swiss"]
[EventRounds "5"]
[EventCountry "CAN"]

1. d4 Nf6 2. c4 g6 3. Nc3 Bg7 4. e4 d6 5. f3 O-O 6. Be3 a6 7. Qd2 c6 8. O-O-O
b5 9. g4 Nbd7 10. h4 h5 11. e5 hxg4 12. exf6 Nxf6 13. Bh6 Qa5 14. Bxg7 Kxg7 15.
Kb1 Bf5+ 16. Bd3 bxc4 17. Bxf5 Qxf5+ 18. Ka1 Rab8 19. fxg4 Qxg4 20. Nge2 Rh8
21. Qe3 Nd5 22. Nxd5 cxd5 23. Ng3 Kf8 24. Rdf1 Rxh4 25. Rxh4 Qxh4 26. Qf3 Qh7
27. Qxd5 Rc8 28. Ne4 f5 29. Qb7 Rd8 30. Ng5 Qg8 31. d5 1-0

[Event "Omnium de Montreal"]
[Site "Montreal CAN"]
[Date "2003.08.29"]
[Round "1"]
[White "Hua, Lefong"]
[Black "Marcone, Malcom"]
[Result "1-0"]
[WhiteElo "2351"]
[BlackElo "1959"]
[PlyCount "113"]
[EventDate "2003.08.29"]
[EventType "swiss"]
[EventRounds "5"]
[EventCountry "CAN"]

1. d4 Nf6 2. c4 c5 3. d5 b5 4. cxb5 a6 5. b6 Qxb6 6. Nc3 g6 7. a4 d6 8. a5 Qb7
9. e4 Bg7 10. Bc4 O-O 11. Nge2 Bd7 12. Qd3 Ne8 13. O-O Nc7 14. Bd2 Bb5 15. b3
Nd7 16. f4 Rab8 17. Rab1 Qa7 18. Qh3 Rfd8 19. Rfc1 Rb7 20. Nd1 Rdb8 21. Qd3
Bxc4 22. bxc4 Rxb1 23. Rxb1 Rb7 24. Ndc3 Qb8 25. Rxb7 Qxb7 26. Na4 Na8 27. h3
Nc7 28. Kh2 Na8 29. Ng1 Qb8 30. Nf3 Kf8 31. g4 Kg8 32. g5 Kf8 33. Kg2 Kg8 34.
Nh2 Nc7 35. Ng4 Ne8 36. Kf1 f6 37. h4 Qd8 38. Nf2 Qb8 39. Ke2 Kf7 40. Qh3 Nf8
41. Nb6 Nc7 42. Nd3 Na8 43. Nd7 Nxd7 44. Qxd7 Nc7 45. gxf6 Bxf6 46. e5 Bxh4 47.
exd6 Ne8 48. Ne5+ Kg7 49. dxe7 Qb1 50. Nd3 Kf7 51. Qe6+ Kg7 52. Bc3+ Bf6 53.
Bxf6+ Nxf6 54. Qxf6+ Kxf6 55. e8=Q Qc2+ 56. Ke3 Qxc4 57. Qf8# 1-0

[Event "Omnium de Montreal"]
[Site "Montreal CAN"]
[Date "2003.08.29"]
[Round "1"]
[White "Miron, Francois"]
[Black "Singher, Jean-Pierre"]
[Result "1/2-1/2"]
[WhiteElo "2018"]
[BlackElo "1951"]
[PlyCount "74"]
[EventDate "2003.08.29"]
[EventType "swiss"]
[EventRounds "5"]
[EventCountry "CAN"]

1. e4 c5 2. Nc3 Nc6 3. f4 d6 4. Nf3 e6 5. Bc4 Nf6 6. O-O Be7 7. d3 O-O 8. Qe1
a6 9. Qg3 b5 10. Bb3 d5 11. e5 Ne8 12. f5 c4 13. f6 Nxf6 14. exf6 Bxf6 15. dxc4
dxc4 16. Ne4 Bd4+ 17. Kh1 cxb3 18. c3 Qd5 19. Nxd4 Qxe4 20. Bh6 Qg6 21. Nxc6
Qxg3 22. hxg3 gxh6 23. Ne7+ Kg7 24. Nxc8 Rfxc8 25. axb3 Rd8 26. Rad1 Rxd1 27.
Rxd1 Ra7 28. Kg1 f5 29. Kf2 Kf6 30. Kf3 Kg5 31. Rd8 h5 32. Ke3 e5 33. Kf3 Rf7
34. Rg8+ Kh6 35. Re8 e4+ 36. Kf4 Rf6 37. Re5 Kg6 1/2-1/2

[Event "Omnium de Montreal"]
[Site "Montreal CAN"]
[Date "2003.08.29"]
[Round "1"]
[White "Saint-Pierre, Benoit"]
[Black "Gilbert, Erick"]
[Result "1-0"]
[WhiteElo "2257"]
[BlackElo "1947"]
[PlyCount "63"]
[EventDate "2003.08.29"]
[EventType "swiss"]
[EventRounds "5"]
[EventCountry "CAN"]

1. e4 c5 2. Nf3 Nc6 3. Bb5 Qb6 4. Nc3 e6 5. a4 a6 6. Bc4 Bd6 7. O-O Nf6 8. Re1
Ne5 9. Bf1 Qc7 10. g3 b6 11. Ng5 h6 12. Nh3 c4 13. f4 Neg4 14. d4 cxd3 15. cxd3
e5 16. d4 exd4 17. e5 O-O 18. exd6 Qc5 19. Ne4 Nxe4 20. Qxg4 f5 21. Qd1 Bb7 22.
Bd2 Qd5 23. Bg2 Qxd6 24. Nf2 Rfe8 25. Qb3+ Bd5 26. Qd3 Bc6 27. Nxe4 fxe4 28.
Bxe4 Bxe4 29. Rxe4 Rxe4 30. Qxe4 Rc8 31. Rd1 Qc5 32. Rc1 1-0

[Event "Omnium de Montreal"]
[Site "Montreal CAN"]
[Date "2003.08.30"]
[Round "2"]
[White "Beaulieu, Eric"]
[Black "Levesque, Claude"]
[Result "1-0"]
[WhiteElo "2251"]
[BlackElo "1778"]
[PlyCount "85"]
[EventDate "2003.08.29"]
[EventType "swiss"]
[EventRounds "5"]
[EventCountry "CAN"]

1. d4 Nf6 2. Bg5 c5 3. Bxf6 exf6 4. d5 d6 5. c4 g6 6. Nc3 Bg7 7. e3 O-O 8. Bd3
Nd7 9. e4 Re8 10. Nge2 Ne5 11. O-O f5 12. exf5 Nxd3 13. Qxd3 Bxf5 14. Qd2 a6
15. Ng3 Bd7 16. Nce4 Qe7 17. Rae1 Qf8 18. Qf4 Be5 19. Nf6+ Kg7 20. Nxe8+ Rxe8
21. Qd2 f5 22. f4 Bd4+ 23. Kh1 Rb8 24. b3 b6 25. Ne2 Bf6 26. Ng1 h6 27. Nf3 Kh7
28. Rb1 Qg7 29. Qd3 a5 30. Rf2 Rh8 31. a3 Bc3 32. Rc2 Bf6 33. b4 axb4 34. axb4
Ra8 35. bxc5 bxc5 36. Qd2 g5 37. Ra2 Ba4 38. Qd3 Qg6 39. fxg5 hxg5 40. Rb7+ Kh6
41. Ng1 Bd4 42. Qh3+ Qh5 43. Rh7+ 1-0

[Event "Omnium de Montreal"]
[Site "Montreal CAN"]
[Date "2003.08.30"]
[Round "2"]
[White "Bolduc, Steve"]
[Black "Rivest, Jean-Michel"]
[Result "1-0"]
[WhiteElo "2260"]
[BlackElo "1921"]
[PlyCount "71"]
[EventDate "2003.08.29"]
[EventType "swiss"]
[EventRounds "5"]
[EventCountry "CAN"]

1. d4 Nf6 2. c4 g6 3. Nf3 Bg7 4. g3 d5 5. cxd5 Nxd5 6. Bg2 O-O 7. O-O Nc6 8.
Nc3 Nb6 9. d5 Na5 10. Bf4 c6 11. dxc6 Nxc6 12. Rc1 e5 13. Bg5 f6 14. Qb3+ Kh8
15. Be3 Nd4 16. Bxd4 exd4 17. Rfd1 f5 18. Nxd4 Bxd4 19. e3 Qf6 20. Rxd4 Be6 21.
Qb4 Qf7 22. b3 Rac8 23. Rcd1 Kg7 24. Nd5 Nxd5 25. Bxd5 Bxd5 26. Rxd5 Rc7 27.
Qd4+ Qf6 28. Qxa7 Rff7 29. Qd4 Qxd4 30. R5xd4 Rc2 31. R4d2 Rfc7 32. Rxc2 Rxc2
33. Rd7+ Kf6 34. Rxb7 Rxa2 35. Rxh7 Rb2 36. Rb7 1-0